[Event "Munich op9192"]
[Site "Munich"]
[Date "1992.??.??"]
[Round "7"]
[White "Aseeva, Marina"]
[Black "Haub, Thorsten Michael"]
[Result "1-0"]
[WhiteElo "2055"]
[BlackElo "2310"]

1.e4 g6 2.d4 Bg7 3.Nc3 d6 4.Be3 e6 5.Qd2 h6 6.h4 a6 7.h5 g5 8.O-O-O Nf6 9.f3 b5
10.Bd3 Nc6 11.e5 dxe5 12.dxe5 Nxe5 13.Bxb5+ Nfd7 14.Be2 Qe7 15.f4 gxf4 16.Bxf4 Bb7
17.Nf3 O-O-O 18.Qe3 Nc6 19.Bc4 Qb4 20.Bb3 Ne7 21.Bh2 Rhg8 22.Rhe1 Nf5 23.Qf4 Qxf4+
24.Bxf4 Bxc3 25.bxc3 Rxg2 26.Nd4 Ng3 27.Bxh6 c5 28.Bg5 cxd4 29.Bxd8 Kxd8
30.h6 Rh2 31.cxd4 Rxh6 32.d5 e5 33.c4 e4 34.Re3 Rg6 35.Bc2 f5 36.Rb3 Nc5
37.Ra3 f4 38.Ra5 Nd7 39.c5 Ne5 40.c6 Bc8 41.c7+ Ke8 42.d6 Nd7 43.Ba4 f3 44.Re5+ Kf8
45.Bxd7 Bxd7 46.Re7 Rxd6 47.Rxd7 Rc6+ 48.Kd2 f2 49.Rd8+ Ke7 50.c8=Q Rxc8
51.Rxc8 f1=Q 52.Rxf1 Nxf1+ 53.Ke2 Ng3+ 54.Ke3 Kd6 55.Rg8 Nf5+ 56.Kxe4 Ne7
57.Ra8 Kc5 58.Rxa6 Nc6 59.Ra3 Nb4 60.Rc3+ Kb5 61.a3 Na6 62.Kd5 Ka4 63.Kd4 Nb8
64.Rc8 Nd7 65.Ra8+ Kb3 66.Ra7 Nf6 67.a4 Kb4 68.Rf7 Ng4 69.Rf4 Nh6 70.Ke5+ Ka5
71.Kf6 Ng8+ 72.Kf7  1-0

[Event "NED-chT"]
[Site "NED"]
[Date "1992.??.??"]
[Round "?"]
[White "Van der Wiel, John TH"]
[Black "Van Wely, Loek"]
[Result "1/2-1/2"]
[WhiteElo "2540"]
[BlackElo "2560"]

1.e4 d6 2.d4 g6 3.Nc3 Bg7 4.Be3 Nf6 5.Qd2 c6 6.Bh6 Bxh6 7.Qxh6 Qa5 8.Bd3 c5
9.dxc5 Qxc5 10.h3 Nc6 11.Nge2 g5 12.O-O Be6 13.Nd5 Bxd5 14.exd5 Qxd5 15.Ng3 Ne5
16.Rad1 Qc5 17.Rfe1 Rg8 18.Nf5 Kd7 19.b4 Qxb4 20.Rb1 Qxe1+ 21.Rxe1 Rg6 22.Bb5+ Kc7
23.f4 Rxh6 24.fxe5 Rg6 25.Nxe7 dxe5 26.Nxg6 hxg6 27.Rf1 Ne4 28.Rxf7+ Kb6
29.Bd3 Nc3 30.Re7 Nxa2 31.Re6+ Kc5 32.Rxe5+ Kd4 33.Rxg5 a5 34.Bxg6 a4 35.Bf7 Nc3
36.Rg4+ Ke3 37.Rb4 b5 38.h4 a3 39.h5 a2 40.Bxa2 Rxa2 41.h6 Ra8 42.Rh4 Kd2
43.h7 Rh8 44.g4 Ne4 45.g5 Nxg5 46.Rb4 Rxh7 47.Rxb5 Ne4 48.Kg2 Ke3 49.Rb3+ Ke2
50.Ra3 Rg7+ 51.Kh3 Rf7  1/2-1/2

[Event "NED-chT"]
[Site "NED"]
[Date "1992.??.??"]
[Round "?"]
[White "Timmerman, Gert J"]
[Black "Kuijpers, Franciscus Antonius"]
[Result "1-0"]
[WhiteElo "2350"]
[BlackElo "2390"]

1.e4 g6 2.d4 Bg7 3.Nc3 d6 4.Nf3 Nf6 5.Be2 O-O 6.O-O c6 7.a4 Nbd7 8.a5 Qc7
9.h3 e5 10.dxe5 dxe5 11.Be3 Rd8 12.Qb1 Nf8 13.Qa2 Ne6 14.Bb6 axb6 15.axb6 Qxb6
16.Qxa8 Qxb2 17.Qa5 b6 18.Ra2 bxa5 19.Rxb2 Nd4 20.Bc4 Ne8 21.Ra1 Nd6 22.Bd3 Nxf3+
23.gxf3 Bxh3 24.Rxa5 Be6 25.Ra6 Bd7 26.Na4 Be8 27.Nc5 Kf8 28.Nb7 Rd7 29.Nc5 Rd8
30.Kg2 h5 31.Rb1 Bf6 32.Nb7 Nxb7 33.Rxb7 Rd4 34.Ra8 Bd8 35.Bc4 Rd6 36.Raa7 Rf6
37.Bb3 g5 38.Ba4 Rd6 39.c4 g4 40.fxg4 hxg4 41.c5 Rd3 42.Ra8 Rd4 43.Bb3 Rd2
44.Bd5 Be7 45.Bxc6 Bxc5 46.Rxe8+ Kg7 47.Rxe5  1-0

[Event "Enhance MCC"]
[Site "New York"]
[Date "1992.??.??"]
[Round "7"]
[White "Garber, Stanislav"]
[Black "Rosenberg, Daniel"]
[Result "1-0"]
[WhiteElo "2385"]
[BlackElo "2295"]

1.e4 g6 2.d4 Bg7 3.Nc3 d6 4.Be3 a6 5.a4 Nf6 6.h3 O-O 7.Nf3 b6 8.Be2 Bb7 9.Nd2 e5
10.d5 Nbd7 11.O-O c6 12.Nc4 Nc5 13.dxc6 Bxc6 14.f3 Nh5 15.Qxd6 Qxd6 16.Nxd6 Ng3
17.Rfe1 Nxe2+ 18.Rxe2 Rad8 19.Nc4 Nxa4 20.Nxa4 Bxa4 21.Bxb6 Bb5 22.Bxd8 Rxd8
23.Rd2 Rc8 24.Nd6 Bh6 25.Nxc8 Bxd2 26.Nd6 Be2 27.Kf2  1-0

[Event "Enhance MCC"]
[Site "New York"]
[Date "1992.??.??"]
[Round "9"]
[White "Vulicevic, Nenad"]
[Black "Rosenberg, Daniel"]
[Result "1-0"]
[WhiteElo "2320"]
[BlackElo "2295"]

1.e4 g6 2.d4 Bg7 3.Nc3 d6 4.Nge2 Nf6 5.g3 O-O 6.Bg2 Nbd7 7.O-O e5 8.h3 c6
9.a4 Re8 10.d5 cxd5 11.Nxd5 Nxd5 12.Qxd5 Nf6 13.Qd1 Be6 14.Nc3 Qd7 15.Kh2 h6
16.Be3 Red8 17.Qd2 d5 18.exd5 Nxd5 19.Nxd5 Bxd5 20.Rfd1 Be6 21.Qxd7 Rxd7
22.Rxd7 Bxd7 23.a5 Bc6 24.Bxc6 bxc6 25.a6 Kf8 26.Ra4 Ke8 27.Rb4 Bf8 28.Rb7 c5
29.c3 f6 30.b4 cxb4 31.cxb4 Bd6 32.b5 Bb8 33.Bxh6 g5 34.Bg7 f5 35.Bf6 g4
36.Re7+ Kf8 37.Rd7  1-0

[Event "NZD-ch"]
[Site "?"]
[Date "1992.??.??"]
[Round "2"]
[White "Spain, Graeme"]
[Black "Smith, Robert W"]
[Result "1-0"]
[WhiteElo "2240"]
[BlackElo "2255"]

1.e4 g6 2.d4 Bg7 3.Nc3 d6 4.Bg5 Nc6 5.Bb5 a6 6.Bxc6+ bxc6 7.Qd2 Be6 8.Nge2 Qb8
9.Rb1 Nf6 10.O-O O-O 11.f4 Bc4 12.e5 Nd5 13.Nxd5 Bxd5 14.Bxe7 Re8 15.Bf6 Bxf6
16.exf6 Re6 17.f5 Rxf6 18.Qg5 Qd8 19.Ng3 Kh8 20.Rbe1 Be6 21.Rf2 gxf5 22.Nxf5 Rg6
23.Qxd8+ Rxd8 24.Ne7 Rg4 25.Nxc6 Rdg8 26.Ree2 Bc4 27.Rd2 Re4 28.h3 Rge8 29.d5 Re1+
30.Kh2 R1e2 31.Rdxe2 Rxe2 32.Rxe2 Bxe2 33.b3 Bb5 34.c4 Bxc6 35.dxc6 Kg7 36.Kg3 Kf6
37.Kf4 a5 38.a3 Ke6 39.Ke4 h5 40.g4 hxg4 41.hxg4 f6 42.b4 axb4 43.axb4 Ke7
44.Kd5 Kf7 45.c5 dxc5 46.Kxc5  1-0

[Event "Oberwart op"]
[Site "Oberwart"]
[Date "1992.??.??"]
[Round "4"]
[White "Mahdi, Khaled"]
[Black "Seifert, Milan"]
[Result "1-0"]
[WhiteElo "2375"]
[BlackElo "2275"]

1.e4 g6 2.d4 Bg7 3.Nc3 d6 4.h3 Nf6 5.Be3 O-O 6.Qd2 e5 7.d5 a6 8.g4 b5 9.Bg2 Re8
10.Nge2 b4 11.Nd1 a5 12.Bh6 Bh8 13.Ne3 Na6 14.Ng3 Nc5 15.O-O Nfd7 16.b3 Bf6
17.a3 Ba6 18.Rfe1 Rb8 19.Bf1 Bg5 20.Bxg5 Qxg5 21.axb4 Rxb4 22.Bxa6 Nxa6 23.Rxa5 Rd4
24.Qe2 Nac5 25.c3 Rxe4 26.b4 Rf4 27.bxc5 Nxc5 28.Ng2 Ra4 29.Rxa4  1-0

[Event "Oostende op"]
[Site "Oostende"]
[Date "1992.??.??"]
[Round "4"]
[White "Tischbierek, Raj"]
[Black "Meurrens, Peter"]
[Result "1-0"]
[WhiteElo "2495"]
[BlackElo "2265"]

1.e4 g6 2.d4 Bg7 3.Nc3 d6 4.Be3 Nf6 5.f3 c6 6.Qd2 Nbd7 7.g4 b5 8.a4 b4 9.Nce2 a5
10.g5 Ng8 11.h4 h6 12.gxh6 Bxh6 13.Bxh6 Rxh6 14.O-O-O e6 15.h5 Rxh5 16.Rxh5 gxh5
17.Ng3 h4 18.Nh5 Qe7 19.Nh3 Bb7 20.Ng7+ Kd8 21.Ng5 Kc7 22.Bh3 Rf8 23.e5 d5
24.f4 Nh6 25.f5 Nxf5 26.Bxf5 exf5 27.e6 f6 28.Nxf5  1-0

[Event "RUS-ch"]
[Site "Orel"]
[Date "1992.??.??"]
[Round "?"]
[White "Belikov, Vladimir"]
[Black "Glyanets, Alexander"]
[Result "1/2-1/2"]
[WhiteElo "2420"]
[BlackElo "2370"]

1.e4 g6 2.d4 Bg7 3.Nc3 d6 4.Be3 c6 5.Qd2 b5 6.Bd3 Nd7 7.Nf3 Qc7 8.O-O Ngf6
9.Bh6 O-O 10.Bxg7 Kxg7 11.a4 b4 12.Ne2 c5 13.c3 c4 14.Bb1 b3 15.Ng3 Ng8 16.h4 e5
17.h5 Ndf6 18.Nh4 Kh8 19.f4 Qe7 20.Nf3 Ng4 21.a5 a6 22.Rd1 exf4 23.Qxf4 Bd7
24.Re1 Rae8 25.e5 d5 26.Nf1 Qd8 27.Ne3 Nxe3 28.Rxe3 Qe7 29.Re1 Kg7 30.Kf2 Nh6
31.Rh1 Ng4+ 32.Kg3 f5 33.h6+ Kh8 34.Ng5 Rg8 35.Rh4 Rgf8 36.Rh1 Kg8 37.Rh4 Rc8
38.Rh1 Rfe8 39.Nf3 Qf8 40.Ng5 Re7 41.Nf3 Rce8 42.Ra3 Rb8 43.Rh4 Rb7 44.Ra1 Rf7
45.Ng5 Re7 46.Nh3 Rf7 47.Qg5 Qe7 48.Kf4 Qxg5+ 49.Kxg5 Be6 50.Kf4 Rbe7 51.g3 Rf8
52.Ng5 Bd7 53.Rh1 Ra8 54.Rh4 Rb8 55.Nh3 Rf8 56.Ng5 Nf2 57.Rh2 Ng4 58.Rh4 Rfe8
59.Nf3 Rc8 60.Rh1 Bb5 61.Ng5 Rce8 62.Nf3 Bd7 63.Rh4 Bc6 64.Ra3 Rf8 65.Ra1 Nf2  1/2-1/2

[Event "RUS-ch"]
[Site "Orel"]
[Date "1992.??.??"]
[Round "?"]
[White "Shabanov, Yuri"]
[Black "Shchekachev, Andrei"]
[Result "1-0"]
[WhiteElo "2425"]
[BlackElo "2465"]

1.e4 d6 2.d4 g6 3.Nc3 Bg7 4.Be3 a6 5.Qd2 Nd7 6.Nf3 b5 7.a4 b4 8.Ne2 Ngf6
9.Ng3 a5 10.Bh6 Bxh6 11.Qxh6 e5 12.Bb5 Qe7 13.O-O Bb7 14.Rfe1 c6 15.Bf1 Ng4
16.Qd2 h5 17.h3 Ngf6 18.h4 Ng4 19.c3 bxc3 20.bxc3 O-O 21.Rab1 Ba6 22.Qg5 Qxg5
23.hxg5 f6 24.Rb2 fxg5 25.Bxa6 Rxa6 26.Reb1 Ngf6 27.Nxg5 c5 28.dxe5 Nxe5
29.Ne6 Rc8 30.f3 h4 31.Ne2 d5 32.Rb8 Rxb8 33.Rxb8+ Kf7 34.Nxc5 Rc6 35.Rb7+ Ke8
36.Rb5 Nc4 37.Nd4 Rc8 38.exd5 Nxd5 39.Ne4 Ndb6 40.Nd6+ Nxd6 41.Rxb6 Ke7 42.Nc6+ Ke6
43.Nxa5 Kd5 44.c4+ Nxc4 45.Nxc4 Rxc4 46.a5 h3 47.Rxg6 hxg2 48.Kxg2 Ke5 49.Rg8 Ra4
50.Kg3  1-0

[Event "RUS-ch sf"]
[Site "Orel"]
[Date "1992.??.??"]
[Round "?"]
[White "Totsky, Leonid"]
[Black "Glyanets, Alexander"]
[Result "1/2-1/2"]
[WhiteElo "2435"]
[BlackElo "2370"]

1.e4 g6 2.d4 Bg7 3.Nc3 d6 4.f4 Nf6 5.Nf3 c5 6.Bb5+ Bd7 7.e5 Ng4 8.e6 Bxb5
9.exf7+ Kd7 10.Nxb5 Qa5+ 11.Nc3 cxd4 12.Nxd4 Bxd4 13.Qxd4 Nc6 14.Qc4 Qh5
15.Qe2 Nf6 16.Qxh5 Nxh5 17.f5 Raf8 18.fxg6 hxg6 19.O-O Rh7 20.Ne4 Rhxf7 21.Bh6 Rxf1+
22.Rxf1 Rxf1+ 23.Kxf1 Nb4 24.c3 Nd3 25.b3 d5 26.Nf2 Nc5 27.Ke2 e5 28.Nd3 Nxd3
29.Kxd3 Ke6 30.Be3 a6 31.g4 Nf6 32.h3 b5 33.c4 bxc4+ 34.bxc4 Ne4 35.Bg1 Ng5
36.h4 Nf3 37.Bf2 Nh2 38.g5 Nf3 39.Ke2 e4 40.Ke3 Ne5 41.cxd5+ Kxd5 42.Bg3 Nc4+
43.Kf4 Ne5 44.h5 gxh5 45.Kf5 Nf3 46.g6 Nd4+ 47.Kg5 Ne6+ 48.Kxh5 e3 49.Kg4 Ke4
50.a4 e2 51.Be1 Ke5 52.Bc3+ Ke4 53.a5 Kd3 54.Be1 Ke4 55.Bg3 Ng7 56.Kg5 Ne6+
57.Kg4 Ng7  1/2-1/2

[Event "Ostrava"]
[Site "Ostrava"]
[Date "1992.??.??"]
[Round "2"]
[White "Sorokin, Maxim"]
[Black "Hoi, Carsten"]
[Result "1/2-1/2"]
[WhiteElo "2550"]
[BlackElo "2445"]

1.d4 g6 2.e4 Bg7 3.Nc3 d6 4.Bg5 Nd7 5.Qd2 c5 6.d5 a6 7.a4 Ngf6 8.f3 O-O 9.Nh3 Rb8
10.Be2 c4 11.Nf2 b5 12.O-O Qc7 13.axb5 axb5 14.b4 cxb3 15.cxb3 Nc5 16.Rab1 b4
17.Na4 Nxa4 18.bxa4 Nh5 19.Rfc1 Bc3 20.Qd3 Bd7 21.Nd1 Bxa4 22.Nxc3 bxc3 23.Rxb8 Rxb8
24.Qxc3 Qxc3 25.Rxc3 f6 26.Bc1 Kf7 27.Kf2 Ng7 28.Ba3 Rb3 29.Rxb3 Bxb3 30.Ke3 f5
31.Kd4 fxe4 32.fxe4 h5 33.Bd3 Ne8 34.Ke3 Nf6 35.Kf4 Ng4 36.h3 Ne5 37.Ba6 Kf6
38.h4 Bd1 39.Bb2 Bg4 40.Bb5 Bd1 41.Bd7  1/2-1/2

[Event "Oviedo rapid45"]
[Site "Oviedo"]
[Date "1992.??.??"]
[Round "6"]
[White "Sion Castro, Marcelino"]
[Black "Conquest, Stuart"]
[Result "1-0"]
[WhiteElo "2375"]
[BlackElo "2485"]

1.e4 g6 2.d4 d6 3.Nc3 Bg7 4.Be3 c6 5.Qd2 b5 6.Bd3 Bb7 7.f3 Nd7 8.a4 b4 9.Nd1 a5
10.c3 e5 11.Ne2 bxc3 12.bxc3 Ne7 13.Rb1 Qc7 14.Bg5 h6 15.Be3 h5 16.Nf2 Rb8
17.O-O O-O 18.f4 exf4 19.Bxf4 c5 20.Qa2 Nc6 21.Qc4 Rfc8 22.Nh3 Nd8 23.Ng5 Ba8
24.Rxb8 Qxb8 25.Qa2 cxd4 26.cxd4 Qa7 27.Be3 Ne5 28.Bb5 Ng4 29.Bf4 Bxd4+ 30.Nxd4 Qxd4+  1-0

[Event "Palma de Mallorca op"]
[Site "Palma de Mallorca"]
[Date "1992.??.??"]
[Round "5"]
[White "Doncevic, Dario"]
[Black "Danailov, Silvio"]
[Result "1-0"]
[WhiteElo "2355"]
[BlackElo "2445"]

1.e4 g6 2.d4 Bg7 3.Nc3 d6 4.f4 Nf6 5.Nf3 O-O 6.Bd3 Na6 7.O-O c5 8.d5 Rb8
9.Qe2 Nc7 10.a4 a6 11.a5 Bd7 12.Na4 e6 13.dxe6 Nxe6 14.f5 Nc7 15.Bg5 Bxa4
16.Rxa4 Qd7 17.b3 Rbe8 18.Qf2 Re7 19.Qh4 Nce8 20.e5 dxe5 21.Nd2 Qc6 22.Ne4 Rd7
23.Rc4 Rd4 24.Rxd4 cxd4 25.fxg6 fxg6 26.Bc4+ Kh8 27.Bxf6 Nxf6 28.Ng5 h6 29.Ne6 g5
30.Qh3 e4 31.Nxg5 d3 32.Ne6 dxc2 33.Nxf8 Qc5+ 34.Kh1 Qxf8 35.Qc3 Qb8 36.Qxc2 Ng4
37.g3 Ne3 38.Qxe4 Nxf1 39.Bxf1 Qc8 40.Bd3 Kg8 41.Bc4+ Kh8 42.Bd3 Kg8 43.Kg2 Qb8
44.Qd5+ Kf8 45.Qe4 Kg8 46.Qe6+ Kh8 47.Qe7 Qc8 48.Be4 Qb8 49.Qd7  1-0

[Event "Pardubice op"]
[Site "Pardubice"]
[Date "1992.??.??"]
[Round "1"]
[White "Skacelova Zahorovska, Libuse"]
[Black "Lechtynsky, Jiri"]
[Result "0-1"]
[WhiteElo "2060"]
[BlackElo "2395"]

1.e4 d6 2.d4 g6 3.Nc3 Bg7 4.Nf3 Nf6 5.Bc4 O-O 6.O-O Bg4 7.h3 Bxf3 8.Qxf3 Nc6
9.Be3 Nd7 10.Qd1 Nb6 11.Bb3 Na5 12.Qd3 c6 13.f4 e6 14.e5 Nxb3 15.axb3 f5
16.exf6 Qxf6 17.Ne4 Qe7 18.Bd2 Nd5 19.Rae1 h6 20.c4 Nc7 21.Bb4 Rfd8 22.Nd2 Qf7
23.Bc3 a5 24.Nf3 a4 25.bxa4 Rxa4 26.Nh4 Kh7 27.g4 Bf6 28.f5 exf5 29.Nxf5 d5
30.h4 dxc4 31.Qc2 Raa8 32.Nxh6 Qg7 33.Nf5 gxf5 34.Qxf5+ Kg8 35.Qxf6 Qxg4+
36.Kh2 Nd5 37.Qf7+ Kh8 38.Re6 Qxh4+ 39.Kg1 Rg8+ 40.Rg6 Rxg6+  0-1

[Event "Pardubice op"]
[Site "Pardubice"]
[Date "1992.??.??"]
[Round "8"]
[White "Moroz, Alexander"]
[Black "Chernyshov, Konstantin"]
[Result "1-0"]
[WhiteElo "2420"]
[BlackElo "2485"]

1.e4 d6 2.d4 g6 3.Nc3 Bg7 4.Be3 c6 5.Qd2 b5 6.f3 a6 7.Nge2 Nd7 8.g4 h5 9.g5 e6
10.a4 Bb7 11.Bg2 Ne7 12.O-O Qc7 13.Kh1 O-O 14.Bf4 Rad8 15.Bg3 Kh7 16.Nd1 c5
17.c3 Nb6 18.axb5 axb5 19.Ne3 Nc4 20.Nxc4 bxc4 21.f4 Qc6 22.Rf2 d5 23.f5 exf5
24.exf5 Nxf5 25.Rxf5 gxf5 26.Nf4 cxd4 27.cxd4 Qb6 28.Rd1 Rfe8 29.Nxh5 Bh8
30.Qf4 Qg6 31.Qh4 Kg8 32.Bf2 Rd6 33.Bf3 Rb6 34.Rg1 Re4 35.Bxe4 dxe4 36.Be3 Rb3
37.Nf6+ Kg7 38.Qf4 Rxe3 39.Qb8 Qxg5 40.Qg8+  1-0

[Event "Pardubice op"]
[Site "Pardubice"]
[Date "1992.??.??"]
[Round "8"]
[White "Krupkova, Petra"]
[Black "Sotnikov, Igor"]
[Result "1/2-1/2"]
[WhiteElo "2055"]
[BlackElo "2320"]

1.e4 g6 2.d4 Bg7 3.Nc3 d6 4.Nf3 Nd7 5.Be2 e5 6.O-O Ne7 7.Be3 O-O 8.Qd2 Nc6
9.Rad1 Kh8 10.Bh6 exd4 11.Bxg7+ Kxg7 12.Nxd4 Nb6 13.f4 Bd7 14.f5 f6 15.Nxc6 Bxc6
16.Bb5 Qe8 17.Bxc6 Qxc6 18.b3 Rae8 19.Rf3 g5 20.h4 h6 21.Rg3 Re5 22.Qe2 Qe8
23.Qf3 Qe7 24.Ne2 d5 25.Nf4 Rxe4 26.Ne6+ Rxe6 27.fxe6 Qxe6 28.hxg5 hxg5 29.Qc3 Kg6
30.Qxc7 Rc8 31.Qxb7 Rxc2 32.Rf1 Rxa2 33.Rgf3 Nd7 34.Qc8 Re2 35.Qh8 Re1 36.Rh3 Rxf1+
37.Kxf1 Qa6+ 38.Kf2 Qa2+ 39.Kg1 Qa1+ 40.Kf2 Qb2+ 41.Kg1 Qa1+ 42.Kf2  1/2-1/2

[Event "Paris-ch"]
[Site "Paris"]
[Date "1992.??.??"]
[Round "4"]
[White "Nuvolini, Dominique"]
[Black "Caminade, Andrija"]
[Result "1-0"]
[WhiteElo "2205"]
[BlackElo "2230"]

1.d4 g6 2.e4 Bg7 3.Nc3 d6 4.Nf3 Nf6 5.Bg5 h6 6.Be3 O-O 7.Qd2 Kh7 8.Be2 c6
9.h4 Ng4 10.h5 Nxe3 11.hxg6+ fxg6 12.Qxe3 e6 13.e5 dxe5 14.O-O-O Qf6 15.dxe5 Qf4
16.Qxf4 Rxf4 17.Rd8 Rf8 18.Rxf8 Bxf8 19.Ne4 Kg7 20.Rd1 Nd7 21.Nd6 Nb6 22.Nh2 Bxd6
23.Rxd6 Bd7 24.Ng4 Re8 25.Nf6 Re7 26.c4 Be8 27.f4 Bf7 28.b3 Nc8 29.Rd8 Rc7
30.Bg4 Ne7 31.Bxe6 b5 32.c5 Rb7 33.Bxf7 Kxf7 34.Rh8 Ke6 35.Rxh6 b4 36.Kd2 Rb5
37.Ne4 Ra5 38.Kd3 Rxa2 39.g4 Kd5 40.Rh7 Ke6 41.Ng5+ Kd7 42.f5 gxf5 43.gxf5 Rg2
44.e6+ Kd8 45.Nf7+ Kc7  1-0

[Event "Paris-ch"]
[Site "Paris"]
[Date "1992.??.??"]
[Round "4"]
[White "Blees, Albert"]
[Black "Chomet, Pascal"]
[Result "1-0"]
[WhiteElo "2410"]
[BlackElo "2275"]

1.d4 g6 2.e4 Bg7 3.Nc3 d6 4.Be3 Nd7 5.Nf3 e5 6.dxe5 dxe5 7.Bc4 Ngf6 8.Qd3 c6
9.Bxf7+ Kxf7 10.Ng5+ Ke7 11.Rd1 Qg8 12.Qd6+ Ke8 13.Ne6 Rb8 14.Bc5 Qf7 15.Qxe5 Bh6
16.Qxb8 Qxe6 17.Qxc8+ Kf7 18.Qc7 Bf8 19.Bxf8 Rxf8 20.Rd6 Qe8 21.O-O Kg8 22.Rfd1 Qf7
23.f3 Ne5 24.Qxf7+ Nxf7  1-0

[Event "Paris-ch"]
[Site "Paris"]
[Date "1992.??.??"]
[Round "8"]
[White "Dussol, Pierre"]
[Black "Chomet, Pascal"]
[Result "1-0"]
[WhiteElo "2340"]
[BlackElo "2275"]

1.d4 g6 2.e4 Bg7 3.Nc3 d6 4.Be3 a6 5.a4 b6 6.Qd2 c5 7.Nf3 cxd4 8.Nxd4 Nf6
9.Bh6 O-O 10.Bxg7 Kxg7 11.g3 Ra7 12.Bg2 e5 13.Nde2 Be6 14.Rd1 Rd7 15.O-O Qc7
16.h3 Qc5 17.Kh2 Rfd8 18.Nd5 Bxd5 19.exd5 Re7 20.Rfe1 Rde8 21.c3 a5 22.b3 Nbd7
23.b4 Qc4 24.Nc1 Ra8 25.Bf1 Qc7 26.Bb5 Rae8 27.Kg2 e4 28.Re3 Re5 29.Bc6 R8e7
30.Nb3 h5 31.bxa5 bxa5 32.c4 Nb8 33.Bb5 h4 34.Qxa5 Qc8 35.Qb4 hxg3 36.fxg3 Rh5
37.Rh1 Qc7 38.a5 Qa7 39.Qc3 Na6 40.Rf1 Rhe5 41.Nd4 Nb4 42.Nc6 Nxc6 43.Bxc6 g5
44.g4 Kg6 45.Qa3 Kg7 46.Qc3 Kg6 47.Qa3 Kg7 48.Rxf6 Kxf6 49.Qxd6+ Kg7 50.Qa3 f6
51.a6 Rf7 52.Bb7 f5 53.Qc3 Kh7 54.c5 f4 55.Qxe5 fxe3 56.Qxe4+ Kh6 57.Qe6+ Kg7
58.Qe5+ Kh6 59.d6 e2 60.Qh8+ Kg6 61.Be4+ Rf5 62.gxf5+ Kf7 63.Bd5+  1-0

[Event "World op"]
[Site "Philadelphia"]
[Date "1992.??.??"]
[Round "4"]
[White "Hellers, Ferdinand"]
[Black "Van Wely, Loek"]
[Result "1-0"]
[WhiteElo "2510"]
[BlackElo "2560"]

1.e4 d6 2.d4 g6 3.Nc3 Bg7 4.f4 Nf6 5.Nf3 c5 6.Bb5+ Bd7 7.e5 Ng4 8.e6 Bxb5
9.exf7+ Kd7 10.Nxb5 Qa5+ 11.Nc3 cxd4 12.Nxd4 h5 13.h3 Nc6 14.Ne2 Nh6 15.Be3 Nf5
16.Bf2 Raf8 17.O-O Rxf7 18.a3 Qa6 19.Ne4 Kc8 20.Qd5 Bxb2 21.Rab1 Qxe2 22.Rfe1 Qxc2
23.Qxf7 Bxa3 24.Qxg6 Nfd4 25.Kh1 Qc4 26.Ng5 Bc5 27.Rbc1 Qd5 28.Bxd4 Bxd4
29.Rxe7 Bb2 30.Re8+ Rxe8 31.Qxe8+ Kc7 32.Rb1 Qa2 33.Rd1 a5 34.Ne6+ Kb6 35.Rxd6 Qc4
36.Qd8+ Ka7 37.Qc7 h4 38.Rd7 Qb4 39.Kh2 Bd4 40.Nxd4 Nxd4 41.f5 a4 42.f6 a3
43.f7 Ne6 44.Qe5 a2 45.Rd1 Qb3 46.Qa5+  1-0

[Event "RLPF-chA"]
[Site "Pirmasens"]
[Date "1992.??.??"]
[Round "?"]
[White "Haag, Guenter"]
[Black "Feibert, Fred"]
[Result "1/2-1/2"]
[WhiteElo "2300"]
[BlackElo "2315"]

1.e4 g6 2.d4 Bg7 3.Nc3 d6 4.Bg5 c6 5.Qd2 h6 6.Be3 Nf6 7.f3 Nbd7 8.Nh3 b5
9.d5 b4 10.dxc6 bxc3 11.cxd7+ Bxd7 12.Qxc3 O-O 13.Qd2 Bxh3 14.gxh3 Rb8 15.Rb1 Qc7
16.c4 Nd7 17.b3 Ne5 18.Be2 Kh7  1/2-1/2

[Event "BCF-ch"]
[Site "Plymouth"]
[Date "1992.??.??"]
[Round "3"]
[White "Smith, Andrew Philip"]
[Black "Hennigan, Michael"]
[Result "0-1"]
[WhiteElo "2240"]
[BlackElo "2400"]

1.e4 g6 2.d4 Bg7 3.Nc3 d6 4.Be3 c6 5.Qd2 b5 6.Bd3 Nd7 7.a4 b4 8.Nd1 a5 9.Nf3 Qc7
10.O-O c5 11.dxc5 dxc5 12.Bb5 Ba6 13.Qd5 Bb7 14.Qxc5 Qxc5 15.Bxc5 Nf6 16.Ne5 O-O-O
17.Nxd7 Nxd7 18.Bxe7 Rde8 19.Bd6 Rxe4 20.c3 b3 21.Ne3 Rd8 22.Nc4 Rxc4 23.Bxc4 Nb6
24.Bxb3 Rxd6 25.Bxf7 Nd7 26.Rad1 Rb6 27.Be8 Ne5 28.Bb5 g5 29.Rfe1 g4 30.h3 gxh3
31.f4 Rg6 32.Re2 Nf3+ 33.Kf2 hxg2 34.Re8+ Kc7 35.Re7+ Kb6  0-1

[Event "BCF-ch"]
[Site "Plymouth"]
[Date "1992.??.??"]
[Round "6"]
[White "Mack, Andrew"]
[Black "Hennigan, Michael"]
[Result "1/2-1/2"]
[WhiteElo "2270"]
[BlackElo "2400"]

1.d4 g6 2.e4 Bg7 3.Nc3 d6 4.f4 c6 5.Be3 Qb6 6.Qd2 Qxb2 7.Rb1 Qa3 8.Nf3 Qa5
9.Bd3 Nf6 10.h3 Nbd7 11.O-O O-O 12.e5 Ne8 13.Qe1 b5 14.Bd2 Qb6 15.Kh1 dxe5
16.fxe5 Nc7 17.Qh4 f6 18.exf6 exf6 19.Bh6 Bb7 20.Ne4 c5 21.Bc4+ bxc4 22.Rxb6 axb6
23.Bxg7 Kxg7 24.dxc5 bxc5 25.Qf4 Nd5 26.Qd6 Rfd8 27.Nxc5 Nxc5 28.Qxc5 Rdc8
29.Qd6 Rd8 30.Qc5 Rdc8 31.Qd6  1/2-1/2

[Event "BCF-ch"]
[Site "Plymouth"]
[Date "1992.??.??"]
[Round "11"]
[White "Mortazavi, Ali"]
[Black "Mestel, A Jonathan"]
[Result "0-1"]
[WhiteElo "2320"]
[BlackElo "2510"]

1.d4 g6 2.e4 d6 3.Nc3 Bg7 4.Be3 a6 5.Bc4 b5 6.Bb3 Nc6 7.a4 b4 8.Nce2 Na5
9.Qd2 Rb8 10.Ba2 c6 11.Nf3 Nf6 12.Bh6 Nxe4 13.Qf4 Bxh6 14.Qxf7+ Kd7 15.Qe6+ Kc7
16.Qxe4 Bf5 17.Qh4 Bg7 18.O-O h6 19.Qf4 Rf8 20.Qe3 g5 21.Ng3 Bxc2 22.Qe2 b3
23.Qxa6 Ra8 24.Qe2 Rxf3 25.gxf3 Bxd4 26.Rae1 Bxb2 27.Bxb3 Bxb3 28.Qxb2 e5
29.Rb1 Qf8 30.Qc3 Bd5 31.Ne4 g4 32.Rfd1 gxf3 33.Rxd5 Qg8+ 34.Ng3 Qxd5 35.Rb5 Qd1+  0-1

[Event "POL-ch"]
[Site "?"]
[Date "1992.??.??"]
[Round "15"]
[White "Macieja, Bartlomiej"]
[Black "Sznapik, Aleksander"]
[Result "0-1"]
[WhiteElo "2300"]
[BlackElo "2460"]

1.e4 g6 2.d4 Bg7 3.Nc3 d6 4.Nf3 a6 5.a4 Nf6 6.h3 O-O 7.Be3 b6 8.Bd3 Bb7 9.O-O Nbd7
10.Qe2 e5 11.dxe5 dxe5 12.Rad1 Qe7 13.Bc4 Nc5 14.Bg5 h6 15.Bxf6 Qxf6 16.Nd5 Bxd5
17.Bxd5 c6 18.Bb3 Rfd8 19.Qe3 Qf4 20.Qxf4 exf4 21.e5 Nxb3 22.cxb3 Kf8 23.Rc1 Rd3
24.Rxc6 Rxb3 25.Rfc1 Rxb2 26.Rc7 Re8 27.Ra7 Bxe5 28.Nxe5 Rxe5 29.Rcc7 Rf5
30.Rxa6 h5 31.Ra8+ Kg7 32.Rac8 Rd5 33.Rc2 Rd1+ 34.Kh2 Rbb1 35.g4 Rh1+ 36.Kg2 Rbg1+
37.Kf3 Rxh3+  0-1

[Event "Polanica Zdroj op"]
[Site "Polanica Zdroj"]
[Date "1992.??.??"]
[Round "3"]
[White "Pisulinski, Jan"]
[Black "Rymaszewski, Dariusz"]
[Result "1/2-1/2"]
[WhiteElo "2345"]
[BlackElo "2230"]

1.d4 g6 2.e4 Bg7 3.Nc3 d6 4.Be3 c6 5.Qd2 b5 6.f3 Nd7 7.Nge2 b4 8.Nd1 a5 9.Ng3 Nb6
10.a3 bxa3 11.Rxa3 a4 12.Be2 h5 13.O-O Nf6 14.Nc3 h4 15.Nh1 Be6 16.Rfa1 Rb8
17.Qc1 Bc4 18.Qf1 d5 19.e5 Nfd7 20.b3 axb3 21.cxb3 Bxe2 22.Qxe2 O-O 23.Nf2 c5
24.dxc5 Bxe5 25.Rc1 d4 26.Bh6 dxc3 27.Bxf8 Kxf8 28.cxb6 Qxb6 29.Kh1 Qb4 30.Ra4 Qxb3
31.Rxh4 Qb2 32.Qe3 g5 33.Nd3 Qd2 34.Re4 Bf6 35.Qxd2 cxd2 36.Rd1 Rb3 37.Nf2 Nc5
38.Rc4 Nd3 39.Ne4 Rb2 40.g3 Ne5 41.Rc8+ Kg7 42.Rxd2 Rb3 43.Nxf6 Kxf6 44.f4 gxf4
45.gxf4 Nd3 46.Rc4  1/2-1/2

[Event "Polanica Zdroj op"]
[Site "Polanica Zdroj"]
[Date "1992.??.??"]
[Round "5"]
[White "Hait, Alexander"]
[Black "Swic, Waldemar"]
[Result "1-0"]
[WhiteElo "2380"]
[BlackElo "2345"]

1.e4 g6 2.d4 Bg7 3.Nc3 d6 4.Be3 a6 5.Nf3 b5 6.Bd3 Bb7 7.a4 b4 8.Ne2 Nf6 9.Ng3 O-O
10.Qd2 a5 11.Bh6 Nbd7 12.h4 e5 13.Bxg7 Kxg7 14.h5 exd4 15.Nxd4 Re8 16.hxg6 fxg6
17.O-O-O Ne5 18.f4 Nxd3+ 19.cxd3 c5 20.Nf3 c4 21.f5 c3 22.Qh6+ Kg8 23.fxg6 Re7
24.Nf1 cxb2+ 25.Kxb2 Rd7 26.gxh7+ Kh8 27.Qg5 Nxh7 28.Rxh7+ Kxh7  1-0

[Event "Police op"]
[Site "Police"]
[Date "1992.??.??"]
[Round "8"]
[White "Dinescu, Adrian"]
[Black "Semenova, Lidia K"]
[Result "1-0"]
[WhiteElo "2220"]
[BlackElo "2225"]

1.e4 d6 2.d4 g6 3.Nc3 Bg7 4.g3 c6 5.Bg2 Qc7 6.Nge2 Nd7 7.O-O e6 8.Bg5 h6
9.Be3 Ne7 10.Qd2 b6 11.d5 Ne5 12.dxe6 Bxe6 13.Bd4 O-O 14.f4 Nc4 15.Qc1 b5
16.Kh1 b4 17.Bxg7 Kxg7 18.Nd1 Qd7 19.b3 Nb6 20.Ne3 f5 21.Qb2+ Kh7 22.Qd4 fxe4
23.Bxe4 c5 24.Qd2 d5 25.Bg2 Rad8 26.Nc1 d4 27.Nd1 a5 28.Nd3 Qc8 29.a3 c4
30.Ne5 cxb3 31.cxb3 Bxb3 32.axb4 a4 33.Nf2 Qc3 34.Ne4 Qxd2 35.Nxd2 Bd5 36.Ne4 Nf5
37.Rfc1 Nd6 38.Rc7+ Kg8 39.Nc5 Bxg2+ 40.Kxg2 g5 41.Ne6 Nf5 42.g4 Nh4+ 43.Kg3 d3
44.fxg5 hxg5 45.Rg7+ Kh8 46.Rxg5 d2 47.Nxd8 Rxd8 48.Nf7+ Kh7 49.Nxd8 Ng6
50.Rf1  1-0

[Event "Ponferrada op"]
[Site "Ponferrada"]
[Date "1992.??.??"]
[Round "?"]
[White "Serra Olives, Tomas"]
[Black "Sanchez Guirado, Francisco"]
[Result "1-0"]
[WhiteElo "2310"]
[BlackElo "2340"]

1.e4 g6 2.d4 Bg7 3.Nc3 d6 4.f4 c6 5.Nf3 Bg4 6.Be3 Qb6 7.Qd2 Bxf3 8.gxf3 Qa5
9.O-O-O b5 10.Kb1 Nd7 11.h4 Nb6 12.Qf2 b4 13.Ne2 Nc4 14.Bc1 Rb8 15.Ng3 d5
16.h5 Rb6 17.Bxc4 dxc4 18.Qe2 Qb5 19.hxg6 hxg6 20.Rxh8 Bxh8 21.f5 b3 22.axb3 cxb3
23.Qxb5 bxc2+ 24.Kxc2 cxb5 25.e5 Bg7 26.Rh1 a5 27.Kd3 Rc6 28.Bd2 a4 29.Rh7 Kf8
30.f6 Nxf6 31.exf6 Rxf6 32.f4 Rd6 33.Ne2 Bf6 34.Rh1 Ke8 35.Rc1 Kd7 36.Rc5 Ra6
37.Bb4 Rb6 38.Nc3 Rd6 39.Nxb5 Rb6 40.Kc4 Rb7 41.Nc3 e6 42.Rb5 Rc7+ 43.Bc5  1-0